| 000 | 00368 a2200169 4500 | ||
|---|---|---|---|
| 001 | 189699 | ||
| 020 | _a978-85-385-4876-8 | ||
| 040 | _cMagnum | ||
| 100 | _aVeneza, MaurĂcio | ||
| 240 | 1 | 0 |
_aEmbola, enrola e rola _lpor |
| 245 | 1 | 0 | _aEmbola, enrola e rola |
| 300 | _a24 | ||
| 362 | 0 | _a2011 | |
| 440 | 1 | _aPositivo | |
| 697 | _aLITERATURA INFANTIL | ||
| 942 | _cBK | ||
| 999 |
_c189699 _d189699 |
||